Statistics for Countries that Beat Mexico

Click here to take the quiz!

General Stats

  • This quiz has been taken 185 times
  • The average score is 14 of 16

Answer Stats

Rank Category Countries % Correct
2Longest border with the United StatesCanada
99%
3Biggest Latin American country by areaBrazil | Argentina
98%
4Westernmost country on the mainlandRussia | United States | Canada
97%
10Biggest coffee producer (2017)Brazil | Vietnam | Colombia | Indonesia | Honduras |
Ethiopia | India | Uganda | Peru
96%
6Most populous capital city by urban areaJapan | Indonesia | India | Philippines | South Korea
93%
5Hottest-ever recorded temperatureUnited States | Kuwait | Iraq | Iran | Pakistan
93%
4Largest country bordering fewer than 4 othersCanada | United States | Australia
93%
5Richest country with a population >100 million
(GDP per capita, PPP, 2020)
United States | Japan | Russia | China
90%
10Pineapple productionCosta Rica | Philippines | Brazil | Thailand | India |
Indonesia | Nigeria | China | Colombia
88%
2Country with the most land that belonged
to the Spanish Empire
United States
86%
2Most recent winner of a men's Olympic
gold medal in soccer
Brazil
84%
2Most venomous animal speciesBrazil
81%
3Most murdersBrazil | India
80%
2Most populous urban area beginning with GChina
80%
2Latin American country producing
the most gold
Peru
78%
4Top sorghum-producing country (2008)United States | Nigeria | India
73%

Score Distribution

Percentile by Number Answered

Percent of People with Each Score

Your Score History

You have not taken this quiz